[Event "Magistral Szmetan Giardelli 2019"]
[Site "Buenos Aires"]
[Date "2019.12.01"]
[Round "1.1"]
[White "Granda Zuniga, Julio E"]
[Black "Slipak, Sergio"]
[Result "1-0"]
[WhiteElo "2644"]
[BlackElo "2384"]
[Annotator "TA"]
[PlyCount "61"]
[EventDate "2019.12.01"]
[EventType "tourn"]
[EventCountry "ARG"]
[SourceTitle "playchess.com"]
[Source "ChessBase"]
[SourceQuality "1"]

{[%evp 11,71,24,16,15,14,0,13,18,18,10,21,28,25,0,15,14,14,4,21,0,8,6,15,14,22,0,24,11,28,13,25,21,20,29,70,31,152,147,143,99,220,196,505,494,799,798,807,814,804,802,789,770,906,845,1427,1403,1027,1222,29992,29993,29994,29995]} 1. c4 e6 2. d4 d5 3. Nf3 Nf6 4. g3 Be7 5. Bg2 O-O 6. O-O a5 7. Bg5 $146 {E06: Closed Catalan: Early deviations} ({Predecessor:} 7. Nc3 dxc4 8. Qa4 Bb4 9. Bg5 Nbd7 10. Qc2 h6 11. Bxf6 Nxf6 12. Rfd1 Nd5 13. a4 b6 14. Ne5 Bxc3 15. bxc3 {1-0 (63) Mareco,S (2606)-Slipak,S (2455) Villa Martelli 2016}) 7... Nbd7 {[%cal Bb8d7,Bd7f6,Bf6e8,Be8c7,Bc7a6,Ba6b4][%mdl 32]} 8. Nbd2 h6 9. Bxf6 {The position is equal.} Nxf6 10. Qc2 a4 11. Rac1 c6 12. e4 Qa5 13. e5 Ne8 14. Rfd1 Nc7 15. Nf1 a3 16. b3 Na6 17. Ne3 Nb4 18. Qb1 b6 19. Ne1 Ba6 20. N1c2 Rac8 21. h4 Rfd8 22. Kh2 Bf8 23. f4 Bb7 ({Black should try} 23... Nxc2 $1 $14 24. Rxc2 (24. Qxc2 c5 $11) 24... dxc4) 24. f5 $16 exf5 25. Nxf5 {[%cal Be3f5,Bf5h6,Bh6f7,Bf7d6][%mdl 32]} c5 (25... Ba6 $16) 26. Nce3 $18 g6 $2 {[#]} (26... Qa7) 27. Ng4 h5 (27... cxd4 $142 28. e6 (28. Ngxh6+ Bxh6 29. Nxh6+ Kg7 $16) 28... d3) 28. Ngh6+ Bxh6 29. Nxh6+ Kg7 {[#]} 30. Nxf7 $1 {[%mdl 512]} Rf8 (30... Kxf7 31. Rf1+) 31. Rf1 {Played: Nf7-d6} 1-0

[Event "Magistral Szmetan Giardelli 2019"]
[Site "Buenos Aires"]
[Date "2019.12.01"]
[Round "1.2"]
[White "Flores, Diego"]
[Black "Mareco, Sandro"]
[Result "1/2-1/2"]
[WhiteElo "2608"]
[BlackElo "2637"]
[Annotator "TA"]
[PlyCount "60"]
[EventDate "2019.12.01"]
[EventType "tourn"]
[EventCountry "ARG"]
[SourceTitle "playchess.com"]
[Source "ChessBase"]
[SourceQuality "1"]

{[%evp 12,60,1,0,3,3,12,0,2,-4,0,-15,-18,-12,-12,-8,-22,-25,-13,-20,0,0,0,0,27,0,0,0,0,0,0,0,0,0,0,0,0,0,0,-7,0,0,0,-32,0,0,29,17,27,22,18]} 1. Nf3 d5 2. g3 Nf6 3. Bg2 e6 4. O-O Be7 5. c4 O-O 6. b3 d4 7. e3 c5 {A14: English Opening: 1...e6 with b3 by White} 8. exd4 cxd4 9. d3 (9. Re1 Nc6 10. Bb2 Bd6 11. Nxd4 Nxd4 12. Bxd4 Bxg3 13. hxg3 Qxd4 14. Nc3 Ng4 15. Qf3 f5 16. Nb5 Qb6 17. Qf4 e5 18. Rxe5 Nxe5 19. Qxe5 {1-0 (37) Artemiev,V (2761)-Korobov,A (2687) Poikovsky 2019}) 9... Nc6 10. Re1 Re8 11. Bg5 $146 ({Predecessor:} 11. a3 a5 12. Bg5 h6 13. Bxf6 {1-0 (33) Gorovets,A (2480)-Nemcova,K (2296) Saint Louis 2013}) 11... h6 12. Bxf6 Bxf6 13. a3 a5 14. Nbd2 Rb8 15. c5 b6 16. cxb6 Qxb6 17. Nc4 Qa6 ({Not} 17... Qxb3 $2 18. Qxb3 Rxb3 19. Nfd2 $18) 18. b4 Rd8 19. Nfd2 axb4 20. axb4 Qb5 21. Na3 Qb6 $1 22. Ndc4 Qc7 23. b5 Nb4 24. b6 Qc5 25. Rb1 Bd7 26. Qb3 Nd5 27. Bxd5 Qxd5 28. Ne5 Be8 29. Qxd5 Rxd5 30. Nac4 Bb5 {Accuracy: White = 68%, Black = 56%.} 1/2-1/2

[Event "Magistral Szmetan Giardelli 2019"]
[Site "Buenos Aires"]
[Date "2019.12.01"]
[Round "1.3"]
[White "Henriquez Villagra, Cristobal"]
[Black "Santiago, Yago De Moura"]
[Result "1-0"]
[WhiteElo "2593"]
[BlackElo "2479"]
[Annotator "TA"]
[PlyCount "87"]
[EventDate "2019.12.01"]
[EventType "tourn"]
[EventCountry "ARG"]
[SourceTitle "playchess.com"]
[Source "ChessBase"]
[SourceQuality "1"]

{[%evp 20,87,57,60,60,57,70,55,59,40,51,43,35,52,56,66,105,111,112,117,100,92,112,98,104,109,115,61,64,67,71,54,74,82,90,46,79,71,109,92,116,80,139,139,139,139,131,131,131,149,272,250,281,193,268,287,344,320,553,561,970,900,977,958,878,703,1347,1156,1703,1280]} 1. e4 e6 2. d4 d5 3. Nc3 Nf6 4. e5 Nfd7 5. f4 c5 6. Nf3 Nc6 7. Be3 Qb6 8. Na4 Qa5+ 9. c3 b6 10. Bd2 c4 11. b4 $1 {[%cal Rb4a5]} Qa6 {C11: French: Classical System: 4 e5 and 4 Bg5 dxe4} 12. Be2 b5 13. Nc5 Nxc5 {White is slightly better.} 14. dxc5 Qb7 15. a4 a5 16. axb5 Qxb5 {[#]} 17. Nd4 $146 {[%mdl 2048] White has good play.} ({Predecessor:} 17. O-O Bb7 18. Qa4 Qxa4 19. Rxa4 {1-0 (46) Smirnov,P (2620)-Drozdovskij,Y (2506) chessassistantclub.com INT 2004}) 17... Nxd4 18. cxd4 a4 19. O-O Be7 20. Rf3 Bd7 21. Qb1 Ra7 22. h4 f5 23. exf6 (23. Rfa3 $16) 23... Bxf6 $14 {[%mdl 64] [#] Double Attack} 24. Bc3 $1 O-O 25. Qe1 a3 26. Ra2 Qb8 27. Bf1 Qe8 28. g3 Qg6 29. Bg2 Kh8 30. Kh2 Ra6 (30... Ra4 $142) 31. Ba1 $16 Rfa8 32. Qc1 h6 33. Rfxa3 Rxa3 34. Rxa3 Rb8 (34... Rxa3 $16 35. Qxa3 Qe8) 35. Bc3 $18 Qd3 36. Be1 Qg6 (36... Qe2 $142) 37. Qe3 Qb1 {Now ...Qb2 and Black clings on.} 38. Ra7 Bc8 $2 (38... Bb5 {is a better defense.} 39. Bc3 Qc2) 39. c6 {White is clearly winning.} Kh7 40. c7 Rxb4 41. Bxb4 Qxb4 42. Qc1 Qb3 43. Ra8 Qb7 {[#]} 44. Rxc8 $1 {[%mdl 512] Accuracy: White = 68%, Black = 33%.} 1-0

[Event "Magistral Szmetan Giardelli 2019"]
[Site "Buenos Aires"]
[Date "2019.12.01"]
[Round "1.4"]
[White "Pichot, Alan"]
[Black "Ricardi, Pablo"]
[Result "1-0"]
[WhiteElo "2588"]
[BlackElo "2493"]
[Annotator "TA"]
[PlyCount "89"]
[EventDate "2019.12.01"]
[EventType "tourn"]
[EventCountry "ARG"]
[SourceTitle "playchess.com"]
[Source "ChessBase"]
[SourceQuality "1"]

{[%evp 22,89,37,27,64,73,66,64,62,66,68,62,75,52,68,58,83,70,110,56,74,60,58,29,29,21,18,16,162,154,152,152,153,114,312,287,337,160,160,160,210,156,156,153,302,69,302,302,466,460,451,462,450,452,591,562,1070,1062,1012,1004,985,948,922,919,898,806,1618,1474,1017,953]} 1. e4 c5 2. Nf3 e6 3. d4 cxd4 4. Nxd4 Nf6 5. Nc3 Nc6 6. Nxc6 bxc6 7. e5 Nd5 8. Ne4 Qc7 9. f4 Qb6 10. c4 Bb4+ 11. Ke2 f5 12. Nf2 (12. exf6 $5 Nxf6 13. Be3 $14) 12... Ne7 {B45: Sicilian Four Knights} (12... Ba6 13. Kf3 Ne7 14. Be3 Bc5 15. Bxc5 Qxc5 16. Qd6 Qb6 17. b3 c5 18. Be2 Rc8 19. Rad1 Qxd6 20. Rxd6 Bb7+ 21. Ke3 g5 22. Bh5+ Ng6 23. fxg5 Bxg2 24. Rhd1 f4+ 25. Ke2 Bc6 {0-1 (54) Saric,I (2667)-Dreev,A (2661) Mali Losinj 2019}) 13. Nd3 {Hoping for Be3.} d5 14. a3 Bc5 {White is slightly better.} 15. Nxc5 Qxc5 16. Be3 Qa5 $1 17. b4 Qc7 $146 ({Predecessor:} 17... Qd8 18. Kf2 g5 19. Qh5+ Ng6 20. Qxg5 Qxg5 21. fxg5 Nxe5 {1-0 (40) Iskov,G (2380)-Fries Nielsen,J (2355) Vejle 1982}) 18. Kf2 a5 19. Be2 O-O 20. Qd4 ({White should play} 20. b5 $1 $16) 20... dxc4 $14 21. Bxc4 Rd8 22. Qb6 $36 {[%mdl 2048] White has good play.} Rd2+ 23. Kf3 Qxb6 24. Bxb6 axb4 (24... Rc2 $11 {and Black has nothing to worry.} 25. Rhc1 Rxc1 26. Rxc1 axb4) 25. axb4 $18 Rxa1 26. Rxa1 Rc2 27. Bf1 {Bc5 is the strong threat.} Rc3+ $2 (27... c5 $16) 28. Kf2 Rc2+ {[#]} 29. Kg1 (29. Ke1 $1 $18 {and the rest is easy.}) 29... Kf7 30. Bc5 Rd2 31. Bd6 Bd7 32. Ra8 {Threatens to win with Rd8.} Nd5 {[#]} (32... Rb2 $16 33. Ra7 Ke8) 33. Rf8+ $1 Kg6 34. Rd8 Ne3 (34... Nf6 $142 35. b5 cxb5) 35. Rxd7 {White is clearly winning.} Rd1 {[%csl Ge3][%cal Rd1f1]} 36. Kf2 Nxf1 {[%mdl 4096] Endgame KRB-KRN} 37. Ke2 Rb1 38. Bf8 Nxh2 39. Rxg7+ Kh5 40. Rxh7+ Kg4 41. Rxh2 Kxf4 42. Bd6 Ke4 43. Rh4+ f4 44. g3 Rb2+ 45. Kf1 {Accuracy: White = 75%, Black = 49%.} 1-0

[Event "Magistral Szmetan Giardelli 2019"]
[Site "Buenos Aires"]
[Date "2019.12.01"]
[Round "1.5"]
[White "Delgado Ramirez, Neuris"]
[Black "Perez Ponsa, Federico"]
[Result "1/2-1/2"]
[WhiteElo "2619"]
[BlackElo "2560"]
[Annotator "TA"]
[PlyCount "56"]
[EventDate "2019.12.01"]
[EventType "tourn"]
[EventCountry "ARG"]
[SourceTitle "playchess.com"]
[Source "ChessBase"]
[SourceQuality "1"]

{[%evp 9,56,-8,-3,-41,-43,-44,-55,-29,-33,-56,-54,-58,-55,-54,213,-48,-52,-53,-35,-43,-34,-30,-31,-37,-3,-11,-6,-7,0,-2,0,0,0,-8,0,0,-10,-11,-3,-6,0,0,0,-20,0,0,0,-22,0]} 1. e4 ({Predecessor:} 1. Nc3 Nf6 2. e4 e5 3. a3 Nc6 {½-½ (26) Leeners,H-Noomen,J corr 1987}) 1... e5 2. Nf3 Nc6 3. Nc3 Nf6 4. a3 d5 5. Bb5 $146 (5. exd5 Nxd5 6. Nxe5 Nxe5 7. Qe2 f6 8. d4 Nxc3 9. bxc3 Qd5 10. Bb2 Bd6 11. dxe5 Qxe5 12. O-O-O Qxe2 13. Bxe2 Be6 {½-½ (37) Nepomniachtchi,I (2775)-Grischuk,A (2766) Paris 2019}) 5... Nxe4 6. Nxe5 {C47: Scotch Four Knights and Four Knights with 4 g3} Qg5 7. Nxc6 Qxg2 {[%csl Ge4][%cal Rg2f2] [#]} 8. Rf1 {Black is slightly better.} a6 9. Ba4 Nxc3 $1 ({Of course not} 9... Bh3 $6 10. Qe2 $14) 10. dxc3 {aiming for Nb4+.} Qe4+ $1 11. Qe2 Qxe2+ 12. Kxe2 {And now Nb4+ would win.} Bd7 {[%mdl 64] [#] Pin} 13. Bf4 Bxc6 (13... bxc6 {keeps more tension.} 14. Bxc7 f6 15. Rad1 Rc8 16. Bg3 h5) 14. Bxc6+ bxc6 15. Bxc7 Kd7 16. Bg3 Bd6 17. Kd3 {The position is equal.} Rhe8 18. Rae1 Re6 19. c4 Rae8 20. Rxe6 fxe6 $11 {[%mdl 4096] Endgame KRB-KRB} 21. Rg1 e5 22. cxd5 cxd5 23. c4 dxc4+ 24. Kxc4 Rc8+ 25. Kd3 Rb8 26. Kc3 Rc8+ 27. Kd3 Rb8 28. Kc3 Rc8+ {Accuracy: White = 67%, Black = 59%.} 1/2-1/2

[Event "Magistral Szmetan Giardelli 2019"]
[Site "Buenos Aires"]
[Date "2019.12.01"]
[Round "1.6"]
[White "Hoffman, Alejandro"]
[Black "Felgaer, Ruben"]
[Result "1/2-1/2"]
[WhiteElo "2441"]
[BlackElo "2560"]
[Annotator "TA"]
[PlyCount "36"]
[EventDate "2019.12.01"]
[EventType "tourn"]
[EventCountry "ARG"]
[SourceTitle "playchess.com"]
[Source "ChessBase"]
[SourceQuality "1"]

{[%evp 13,36,0,4,10,3,3,3,17,13,25,14,14,11,9,10,7,16,22,17,17,35,34,33,26,41]} 1. d4 d5 2. c4 c6 3. Nf3 Nf6 4. Qb3 dxc4 5. Qxc4 Bf5 6. g3 e6 7. Bg2 Be7 8. O-O {D23: Queen's Gambit Accepted: 3 Nf3 Nf6 sidelines} O-O 9. e3 Nbd7 10. Rd1 {The position is equal.} (10. Qe2 Ne4 11. Rd1 Qa5 12. Nfd2 Ndf6 13. Nb3 Qb6 14. f3 Nd6 15. e4 Bg6 16. e5 Nf5 17. exf6 Bxf6 {0-1 (51) Jumabayev,R (2633)-Shirov,A (2658) Riga 2019}) 10... Rc8 11. Qe2 Qa5 12. Nc3 Ne4 13. Bd2 Nxd2 14. Nxd2 Bc2 15. Rdc1 Bg6 16. a3 {[#]} Rfd8 $146 ({Predecessor:} 16... Qc7 17. Rd1 Nb6 18. Rac1 Rfd8 19. Nb3 Nd5 20. Ne4 {½-½ (20) Bochev,K (2320)-Borzenko,A (2533) ICCF email 2011}) 17. b4 Qc7 18. Nb3 Qb8 {Accuracy: White = 84%, Black = 57%.} 1/2-1/2

[Event "Magistral Szmetan Giardelli 2019"]
[Site "Buenos Aires"]
[Date "2019.12.02"]
[Round "2.1"]
[White "Slipak, Sergio"]
[Black "Felgaer, Ruben"]
[Result "0-1"]
[WhiteElo "2384"]
[BlackElo "2560"]
[Annotator "ChessBase"]
[PlyCount "104"]
[EventDate "2019.12.01"]
[EventType "tourn"]
[EventCountry "ARG"]
[SourceTitle "playchess.com"]
[Source "ChessBase"]
[SourceQuality "1"]
[TimeControl "40/5400+30:1800+30"]

1. d4 {[%emt 0:00:00]} Nf6 {[%emt 0:00:00]} 2. Nf3 {[%emt 0:00:30]} c6 {[%emt 0:00:30]} 3. e3 {[%emt 0:07:10]} d5 {[%emt 0:11:31]} 4. Bd3 {[%emt 0:00:30]} Bg4 {[%emt 0:00:30]} 5. Nbd2 {[%emt 0:00:30]} Nbd7 {[%emt 0:00:30]} 6. h3 {[%emt 0:00:30]} Bh5 {[%emt 0:00:30]} 7. b3 {[%emt 0:10:30]} e5 {[%emt 0:00:30]} 8. g4 {[%emt 0:00:30]} e4 {[%emt 0:00:30]} 9. gxh5 {[%emt 0:00:30]} exd3 {[%emt 0:00:30]} 10. cxd3 {[%emt 0:23:10]} Nxh5 {[%emt 0:00:30]} 11. Bb2 {[%emt 0:00:30]} g6 {[%emt 0:00:30]} 12. Ne5 {[%emt 0:00:30]} Bd6 {[%emt 0:00:30]} 13. Qg4 {[%emt 0:00:30]} Nf8 {[%emt 0:00:30]} 14. O-O {[%emt 0:14:11]} f6 {[%emt 0:00:30]} 15. Nef3 {[%emt 0:00:30]} Kf7 {[%emt 0:08:19]} 16. Nh4 {[%emt 0:05:30]} Ng7 {[%emt 0:04:50]} 17. f4 {[%emt 0:09:00]} f5 {[%emt 0:00:30]} 18. Qg3 {[%emt 0:00:30]} Nfe6 {[%emt 0:00:30]} 19. Nhf3 {[%emt 0:21:50]} Qa5 {[%emt 0:00:30]} 20. Qe1 {[%emt 0:00:30]} Qa6 {[%emt 0:00:30]} 21. Rd1 Rhe8 {[%emt 0:11:33]} 22. Ne5+ Bxe5 {[%emt 0:00:30]} 23. fxe5 Kg8 {[%emt 0:05:07]} 24. Bc3 Qxa2 {[%emt 0:00:30]} 25. Bb4 Qa6 {[%emt 0:00:30]} 26. Nf3 Qb6 {[%emt 0:04:20]} 27. Bd6 f4 {[%emt 0:00:30]} 28. exf4 Nxd4 {[%emt 0:06:50]} 29. Nxd4 Qxd4+ {[%emt 0:00:30]} 30. Qf2 Qxf2+ {[%emt 0:00:30]} 31. Kxf2 Nf5 {[%emt 0:00:30]} 32. Ba3 a5 {[%emt 0:00:30]} 33. Bc5 Kf7 {[%emt 0:00:30]} 34. Ra1 Ra6 {[%emt 0:00:30]} 35. b4 Rea8 {[%emt 0:10:40]} 36. bxa5 Rxa5 {[%emt 0:00:30]} 37. Rxa5 Rxa5 {[%emt 0:00:30]} 38. d4 Ra2+ {[%emt 0:00:30]} 39. Kf3 Rb2 {[%emt 0:00:30]} 40. Ra1 Rb5 {[%emt 0:00:30]} 41. Kf2 b6 {[%emt 0:30:30]} 42. Ra7+ Ke6 {[%emt 0:00:30]} 43. Bf8 Rb2+ {[%emt 0:00:30]} 44. Kf3 Nxd4+ {[%emt 0:00:30]} 45. Ke3 Nf5+ {[%emt 0:00:30]} 46. Kd3 Rb3+ {[%emt 0:00:30]} 47. Kd2 Rxh3 {[%emt 0:00:30]} 48. Rc7 Nd4 {[%emt 0:00:30]} 49. Rb7 Rf3 {[%emt 0:02:00]} 50. Re7+ Kf5 {[%emt 0:00:30]} 51. Rf7+ Ke4 {[%emt 0:00:30]} 52. Bd6 c5 {[%emt 0:02:20]} 0-1

[Event "Magistral Szmetan Giardelli 2019"]
[Site "Buenos Aires"]
[Date "2019.12.02"]
[Round "2.2"]
[White "Perez Ponsa, Federico"]
[Black "Hoffman, Alejandro"]
[Result "1/2-1/2"]
[WhiteElo "2566"]
[BlackElo "2441"]
[Annotator "TA"]
[PlyCount "104"]
[EventDate "2019.12.01"]
[EventType "tourn"]
[EventCountry "ARG"]
[SourceTitle "playchess.com"]
[Source "ChessBase"]
[SourceQuality "1"]

{[%evp 19,104,42,41,40,68,62,50,42,87,89,85,82,115,115,115,115,115,115,113,99,74,62,54,51,56,71,101,65,57,22,52,52,52,54,55,24,17,17,18,18,28,18,29,10,43,39,88,88,88,88,112,112,112,107,112,112,112,87,87,87,112,112,112,58,168,168,168,85,168,168,168,168,168,168,168,88,168,168,168,168,168,0,168,0,168,0,168]} 1. e4 e5 2. Nf3 Nc6 3. Bb5 Nf6 4. O-O d6 5. d4 Bd7 6. Nc3 exd4 7. Nxd4 Be7 8. Nxc6 Bxc6 9. Bxc6+ bxc6 10. f4 O-O 11. Qf3 {C66: Ruy Lopez: Steinitz Defence} (11. b3 d5 12. e5 Bb4 13. Qf3 Qe7 14. Kh1 Bxc3 15. Qxc3 Ne4 16. Qxc6 Qe6 17. Qb5 Qb6 18. Qe2 f5 {½-½ (36) Pasko,P (2526)-De Oliveira,J (2574) ICCF email 2016}) 11... d5 12. e5 Nd7 13. Be3 {White is slightly better.} f5 $146 ({Predecessor:} 13... Nb6 14. Rad1 f6 15. exf6 Bxf6 16. Bc5 Rf7 17. Rfe1 Bxc3 18. Qxc3 Na4 19. Qd4 Nxc5 20. Qxc5 {1-0 (41) Einbild,L-Morgenstern Berlin 1902}) 14. Na4 Nb6 15. Nc5 {Hoping for Ne6.} Bxc5 16. Bxc5 Re8 17. Rad1 Qc8 18. b3 Nd7 19. Be3 Nf8 20. c4 dxc4 21. Qxc6 cxb3 22. axb3 Qe6 23. Qc3 (23. Qc2 {is interesting.} a5 24. Rd3 Red8 25. Rfd1 Rxd3 26. Rxd3 Qf7 27. Kf2) 23... a5 24. Rd4 Rab8 25. Rb1 Rb5 26. Qxc7 Rxb3 27. Rxb3 (27. Re1 {is more complex.} Qb6 28. Qxb6 Rxb6 29. Ra4 Rb5 30. Rea1) 27... Qxb3 28. Qc4+ Qxc4 29. Rxc4 $11 {[%mdl 4096] Endgame KRB-KRN} Ra8 30. Ra4 Ne6 31. Bd2 Kf7 32. g3 Nc5 33. Rxa5 Rxa5 34. Bxa5 $16 {KB-KN} h5 35. Bb6 Ne6 36. Be3 g6 37. Kf2 Ng7 38. Bc5 Ne6 39. Bb6 Ng7 40. Ke3 Ne6 41. Kd3 (41. h4 $16) 41... Ng7 ({Black should play} 41... h4 $14) 42. Kc4 $18 Ne6 43. Kd5 (43. Be3 $18) 43... Ng7 (43... h4 $16) 44. Bd8 Ne6 45. Bf6 Nf8 46. Bg5 Ne6 47. Bh6 ({White should try} 47. Kd6 $18) 47... Nd8 (47... Ke7 $16 {was necessary.} 48. Bg5+ Kd7) 48. Kd6 Ne6 49. Kd7 Nd4 50. Kd6 Ne6 51. Kd7 Nd4 $1 52. Kd6 Ne6 {Accuracy: White = 58%, Black = 55%.} 1/2-1/2

[Event "Magistral Szmetan Giardelli 2019"]
[Site "Buenos Aires"]
[Date "2019.12.02"]
[Round "2.3"]
[White "Ricardi, Pablo"]
[Black "Delgado Ramirez, Neuris"]
[Result "0-1"]
[WhiteElo "2493"]
[BlackElo "2628"]
[Annotator "TA"]
[PlyCount "110"]
[EventDate "2019.12.01"]
[EventType "tourn"]
[EventCountry "ARG"]
[SourceTitle "playchess.com"]
[Source "ChessBase"]
[SourceQuality "1"]

{[%evp 11,110,0,11,-7,-11,0,14,0,0,0,0,0,0,0,70,29,16,-44,-24,-23,-14,-45,0,0,0,-11,27,39,29,28,36,0,0,0,0,0,35,20,49,0,0,0,0,0,0,0,0,0,0,0,24,24,27,0,0,0,0,0,0,-39,-41,-41,-8,-8,-8,-8,-8,-8,-8,-8,-8,-8,-8,-57,-58,-69,0,0,0,0,0,-8,0,-8,-8,-8,0,0,0,0,0,-130,-157,-237,-246,-238,-268,-29980,-29981,-29981,-29980]} 1. Nf3 d5 2. c4 d4 3. g3 g6 4. Bg2 Bg7 5. O-O e5 6. d3 Ne7 7. e3 {A09: Réti Opening: 1 Nf3 d5 2 c4} (7. b4 O-O 8. Nbd2 h6 9. a4 Be6 10. Ba3 Nd7 11. b5 Re8 12. Nb3 b6 13. a5 Rb8 14. Ne1 h5 15. Nc2 h4 16. Nb4 hxg3 17. hxg3 {1-0 (46) Iordachescu,V (2591)-Jobava,B (2634) Batumi 2018}) 7... dxe3 8. fxe3 e4 9. Ng5 {The position is equal.} Qxd3 10. Qxd3 ({Don't play} 10. Bxe4 Qxd1 11. Rxd1 O-O $17) 10... exd3 11. Rxf7 $146 ({Predecessor:} 11. Nxf7 O-O 12. Ng5 Nbc6 13. Nc3 Rxf1+ 14. Bxf1 Ne5 {0-1 (14) Alvarez Garcia,J (2146)-Rivas Pastor,M (2421) San Fernando 2004}) 11... Rg8 12. Rf2 Nbc6 (12... h6 $11 13. Ne4 Rf8) 13. Nc3 {next Nb5 is good for White.} h6 14. Nge4 (14. Nh7 $1 $11) 14... Bf5 $15 15. Bd2 O-O-O 16. h3 Kb8 (16... Bxe4 $5 17. Nxe4 Bxb2 $15) 17. g4 Bc8 18. Nf6 Bxf6 19. Rxf6 Ne5 20. b3 h5 21. gxh5 gxh5 22. Kh2 $1 Nf5 23. Rf1 Nh4 24. Be4 Rg7 25. Rf8 Nef3+ 26. R1xf3 Rg2+ 27. Kh1 Rxf8 28. Rxf8 Rxd2 29. Rd8 c6 30. Rxd3 Rb2 31. Rd8 {[#] Hoping for Rf8.} Kc7 32. Rf8 {Threatens to win with Rf4.} Bxh3 33. Rf4 Bg4 34. Kg1 Kd6 35. Rf2 Rxf2 36. Kxf2 {[%mdl 4096] Endgame KBN-KBN} Ke5 37. Kg3 $1 {[%cal Rg3h4]} Nf5+ 38. Bxf5 $1 Bxf5 $11 {KB-KN} 39. Kh4 Bg4 40. b4 b6 41. Kg5 Be6 42. a3 Bf7 43. c5 b5 (43... bxc5 $15 44. bxc5 a6) 44. Kh4 Kf5 45. Kg3 Be8 46. Kh4 Bg6 47. a4 bxa4 48. Nxa4 Be8 {White must now prevent ...Ke4.} 49. Nc3 a6 50. Kg3 Bf7 51. Kh4 {[#]} (51. Kh3 $1 $11) 51... Bg6 $1 $17 52. Ne2 (52. Kg3 $17) 52... Ke4 $19 53. Nd4 Be8 54. Nxc6 $2 (54. Ne6 $19 Bd7 55. Nc7) 54... Bxc6 55. Kxh5 Kxe3 {Accuracy: White = 45%, Black = 68%.} 0-1

[Event "Magistral Szmetan Giardelli 2019"]
[Site "Buenos Aires"]
[Date "2019.12.02"]
[Round "2.4"]
[White "Santiago, Yago De Moura"]
[Black "Pichot, Alan"]
[Result "0-1"]
[WhiteElo "2479"]
[BlackElo "2598"]
[Annotator "TA"]
[PlyCount "48"]
[EventDate "2019.12.01"]
[EventType "tourn"]
[EventCountry "ARG"]
[SourceTitle "playchess.com"]
[Source "ChessBase"]
[SourceQuality "1"]

{[%evp 9,48,-25,-34,-12,23,-13,-8,-25,-27,-32,-40,-14,-37,-24,-23,-29,-37,-64,-68,-67,-68,-70,-64,-75,-52,-74,-71,-76,-65,-76,-11,-36,-41,-49,-25,-45,-52,-40,-43,-423,-422]} 1. e4 c5 2. Be2 (2. Nf3 d6 3. d4 cxd4 4. Nxd4 Nf6 5. Nc3 Nc6 6. Be2 e5 7. Nb3 Be7 8. Bg5 O-O 9. Bxf6 Bxf6 10. Nd5 Bg5 11. Bg4 Be6 12. O-O g6 13. Bxe6 fxe6 14. Nc3 Qe7 15. Qd3 Rad8 16. Rad1 a6 17. a3 Kg7 {1-0 (46) Radjabov,T (2758)-Ding,L (2811) Khanty-Mansiysk 2019}) 2... Nf6 3. d3 e5 4. f4 Nc6 5. Nf3 exf4 6. Bxf4 {B31: Sicilian: 2...Nc6 3 Bb5 g6} Be7 7. O-O d5 $146 ({Predecessor:} 7... O-O 8. Nc3 d5 9. e5 Ng4 10. h3 d4 {0-1 (33) Martinez Camacho,V (1479)-Meraiya,H (1400) FICGS email 2010}) 8. e5 {The position is equal.} Nd7 9. Qd2 Nf8 10. Na3 Ng6 11. Bg3 O-O 12. c3 d4 13. Nc2 Be6 14. cxd4 cxd4 15. b4 {With the idea b5.} Qd5 16. a4 a5 {[%cal Ra5b4]} 17. b5 Ncxe5 18. Nfxd4 Bc5 19. Bf2 $1 Bd7 (19... Rac8 $17) 20. Bf3 (20. Nf3 $5 {[%cal Rd3d4]} Bxf2+ 21. Rxf2 $11) 20... Nxf3+ 21. Nxf3 Rfd8 22. Ne3 Qh5 23. Nc4 Bg4 24. Qg5 $2 {[%mdl 8192] [#]} ({White should play} 24. Bxc5 $15 Qxc5+ 25. Qf2 Qxf2+ 26. Kxf2) 24... Bxf2+ {Accuracy: White = 46%, Black = 65%.} 0-1

[Event "Magistral Szmetan Giardelli 2019"]
[Site "Buenos Aires"]
[Date "2019.12.02"]
[Round "2.5"]
[White "Mareco, Sandro"]
[Black "Henriquez Villagra, Cristobal"]
[Result "1/2-1/2"]
[WhiteElo "2634"]
[BlackElo "2593"]
[Annotator "TA"]
[PlyCount "55"]
[EventDate "2019.12.01"]
[EventType "tourn"]
[EventCountry "ARG"]
[SourceTitle "playchess.com"]
[Source "ChessBase"]
[SourceQuality "1"]

{[%evp 18,55,18,14,28,22,17,22,33,12,14,6,9,0,23,0,25,0,0,0,19,4,8,0,0,0,0,0,12,0,2,0,27,0,9,-69,0,-10,8,-25]} 1. d4 d5 2. c4 c6 3. Nf3 Nf6 4. Nc3 e6 5. Bg5 Nbd7 6. cxd5 exd5 7. Qc2 Be7 8. e3 Nh5 9. Bxe7 Qxe7 10. O-O-O Nhf6 {D36: Queen's Gambit Declined: Exchange Variation: Main line (5 Bg5 c6 6 Qc2)} 11. Bd3 Nb6 12. Kb1 Be6 13. Nd2 $146 ({Predecessor:} 13. h3 O-O-O 14. Nd2 Ne8 15. Rhe1 Nd6 16. f3 Qf6 17. Nb3 Kb8 18. Nc5 Rhe8 {½-½ (145) Bologan,V (2663)-Grachev,B (2601) Moscow 2008}) 13... O-O-O 14. Nb3 Kb8 15. f3 g6 16. Rhe1 Rc8 17. Ne2 Nfd7 18. Nf4 c5 19. dxc5 Nxc5 20. Nd4 g5 21. Nh5 Bd7 {aiming for ...Ba4.} 22. Qf2 Ka8 23. Bc2 Nc4 24. Ka1 Qd6 25. Ng3 Qb6 {[%csl Gc4][%cal Rb6b2] [#]} 26. Rb1 (26. Bf5 $11) 26... Qb4 (26... h5 $15) 27. Re2 $11 Ne6 28. Ngf5 {Accuracy: White = 35%, Black = 30%.} 1/2-1/2